Statistics for Famous 'Jones' Quiz

Click here to take the quiz!

General Stats

  • This quiz has been taken 37 times
  • The average score is 5 of 15

Answer Stats

HintAnswer% Correct
Men In Black actorTommy Lee Jones
89%
The voice of Darth Vadar in the Star Wars film franchiseJames Earl Jones
71%
A member of the pop group 'The Monkees'Davy Jones
60%
Actress in Mad Men and X MenJanuary Jones
49%
Composer and record producer for many musicians such as Frank Sinatra & Michael JacksonQuincy Jones
49%
English guitarist in the punk rock band 'The Clash'Mick Jones
40%
Lawyer and TV personality known for co-hosting ABC's The View from 1997-2006Star Jones
40%
Country singer with the hit song 'Why Baby Why' in 1955George Jones
37%
Influential jazz drummer who played with Count Basie and many other bandsJo Jones
34%
Guitarist for the rock and roll band 'The Rolling Stones'Brian Jones
31%
Record-holding boxing champion known for matches on HBORoy Jones Jr.
14%
Animation director of Looney Tunes and Merrie MelodiesChuck Jones
11%
Inventor best known for the development of refridgeration equipment to transport food and blood during World War IIFrederick Jones
6%
Helped lead the Baltimore Ravens to victory at Super Bowl XLVIIJacoby Jones
0%
Painter whose work included traditional landscape to African-themed abstractionLois Maliou Jones
0%

Score Distribution

Percentile by Number Answered

Percent of People with Each Score

Your Score History

You have not taken this quiz